000 00740cam a22002413a 4500
001 1463
003 PGUSA
005 20140828083001.0
008 980901s1998||||xxu|||||s|||||000 1 eng d
040 _aPGUSA
_beng
042 _adc
050 4 _aPR
100 1 _aGissing, George,
_d1857-1903
245 1 4 _aThe Private Papers of Henry Ryecroft
_h[electronic resource] /
_cGeorge Gissing
260 _bProject Gutenberg,
_c1998
500 _aFirst published as An author at grass, from Fortnightly review, 1902-03
506 _aPublic domain in the USA.
516 _aElectronic text
653 _aEnglish fiction -- 19th century
830 0 _aProject Gutenberg
_v1463
856 4 0 _uhttp://www.gutenberg.org/ebooks/1463
942 _cEB
999 _c230811
_d230811